<?xml version="1.0" encoding="UTF-8"?>
<record
    xmlns:xsi="http://www.w3.org/2001/XMLSchema-instance"
    xsi:schemaLocation="http://www.loc.gov/MARC21/slim http://www.loc.gov/standards/marcxml/schema/MARC21slim.xsd"
    xmlns="http://www.loc.gov/MARC21/slim">

  <leader>02174fam a2200349 a 4500</leader>
  <controlfield tag="001">1855661</controlfield>
  <controlfield tag="005">20220326193303.0</controlfield>
  <controlfield tag="008">950530s1996    dcua     b    001 0 eng  </controlfield>
  <datafield tag="010" ind1=" " ind2=" ">
    <subfield code="a">   95021186 </subfield>
  </datafield>
  <datafield tag="020" ind1=" " ind2=" ">
    <subfield code="a">1560986441 (alk. paper)</subfield>
  </datafield>
  <datafield tag="020" ind1=" " ind2=" ">
    <subfield code="a">1560986158 (pbk. : alk. paper)</subfield>
  </datafield>
  <datafield tag="035" ind1=" " ind2=" ">
    <subfield code="a">(OCoLC)32665068</subfield>
  </datafield>
  <datafield tag="035" ind1=" " ind2=" ">
    <subfield code="a">(OCoLC)ocm32665068</subfield>
  </datafield>
  <datafield tag="035" ind1=" " ind2=" ">
    <subfield code="a">(NNC)1855661</subfield>
  </datafield>
  <datafield tag="040" ind1=" " ind2=" ">
    <subfield code="a">DLC</subfield>
    <subfield code="c">DLC</subfield>
    <subfield code="d">DLC</subfield>
    <subfield code="d">NNC</subfield>
    <subfield code="d">OrLoB-B</subfield>
  </datafield>
  <datafield tag="043" ind1=" " ind2=" ">
    <subfield code="a">cl-----</subfield>
    <subfield code="a">f-dm---</subfield>
    <subfield code="a">f-nr---</subfield>
  </datafield>
  <datafield tag="082" ind1="0" ind2="0">
    <subfield code="a">701.04</subfield>
    <subfield code="b">L748s</subfield>
  </datafield>
  <datafield tag="100" ind1=" " ind2=" ">
    <subfield code="a">Arturo Lindsay (editor)</subfield>
    <subfield code="9">1576</subfield>
  </datafield>
  <datafield tag="245" ind1="0" ind2="0">
    <subfield code="a">Santer&#xED;a aesthetics in contemporary Latin American art /</subfield>
    <subfield code="c">edited by Arturo Lindsay.</subfield>
  </datafield>
  <datafield tag="260" ind1=" " ind2=" ">
    <subfield code="a">Washington :</subfield>
    <subfield code="b">Smithsonian Institution Press,</subfield>
    <subfield code="c">c1996.</subfield>
  </datafield>
  <datafield tag="263" ind1=" " ind2=" ">
    <subfield code="a">9606</subfield>
  </datafield>
  <datafield tag="300" ind1=" " ind2=" ">
    <subfield code="a">306 p. :</subfield>
    <subfield code="b">ill. ;</subfield>
    <subfield code="c">26 cm.</subfield>
  </datafield>
  <datafield tag="504" ind1=" " ind2=" ">
    <subfield code="a">Includes bibliographical references and index.</subfield>
  </datafield>
  <datafield tag="505" ind1="0" ind2="0">
    <subfield code="t">Foreword /</subfield>
    <subfield code="r">Johnnetta B. Cole --</subfield>
    <subfield code="t">Preface /</subfield>
    <subfield code="r">Arturo Lindsay --</subfield>
    <subfield code="g">1.</subfield>
    <subfield code="t">From Africa to the Americas: Art in Yoruba Religion /</subfield>
    <subfield code="r">Babatunde Lawal --</subfield>
    <subfield code="g">2.</subfield>
    <subfield code="t">From Ulkumi to Lucumi: A Historical Overview of Religious Acculturation in Cuba /</subfield>
    <subfield code="r">Isabel Castellanos --</subfield>
    <subfield code="g">3.</subfield>
    <subfield code="t">Afro-Cuban Orisha Worship /</subfield>
    <subfield code="r">Miguel "Willie" Ramos --</subfield>
    <subfield code="g">4.</subfield>
    <subfield code="t">Toward an Ethnoaesthetics of Santeria Ritual Arts: The Practice of Altar Making and Gift Exchange /</subfield>
    <subfield code="r">David H. Brown --</subfield>
    <subfield code="g">5.</subfield>
    <subfield code="t">Rereading Lam /</subfield>
    <subfield code="r">Julia P. Herzberg --</subfield>
    <subfield code="g">6.</subfield>
    <subfield code="t">Juan Boza: Travails of an Artist-Priest, 1941-1991 /</subfield>
    <subfield code="r">Ricardo Viera and Randall Morris /</subfield>
    <subfield code="r">Edited by Randall Morris and Julie Edwards --</subfield>
    <subfield code="g">7.</subfield>
    <subfield code="t">Ashe in the Art of Ana Mendieta /</subfield>
    <subfield code="r">Mary Jane Jacob --</subfield>
    <subfield code="g">8.</subfield>
    <subfield code="t">Orishas: Living Gods in Contemporary Latino Art /</subfield>
    <subfield code="r">Arturo Lindsay --</subfield>
    <subfield code="g">9.</subfield>
    <subfield code="t">Eleggua at the (Post?)Modern Crossroads: The Presence of Africa in the Visual Art of Cuba /</subfield>
    <subfield code="r">Gerardo Mosquera --</subfield>
    <subfield code="g">10.</subfield>
    <subfield code="t">Oggun: Proposals Starting from a Video /</subfield>
    <subfield code="r">Gloria Rolando --</subfield>
  </datafield>
  <datafield tag="505" ind1="8" ind2="0">
    <subfield code="g">11.</subfield>
    <subfield code="t">Signifyin' Saints: Sign, Substance, and Subversion in Afro-Brazilian Art /</subfield>
    <subfield code="r">Henry John Drewal.</subfield>
  </datafield>
  <datafield tag="650" ind1=" " ind2="0">
    <subfield code="a">Art and religion</subfield>
    <subfield code="z">Latin America.</subfield>
    <subfield code="9">1577</subfield>
  </datafield>
  <datafield tag="650" ind1=" " ind2="0">
    <subfield code="a">Santeria in art.</subfield>
    <subfield code="9">1578</subfield>
  </datafield>
  <datafield tag="650" ind1=" " ind2="0">
    <subfield code="a">Yoruba (African people)</subfield>
    <subfield code="x">Religion</subfield>
    <subfield code="x">Influence.</subfield>
    <subfield code="9">1579</subfield>
  </datafield>
  <datafield tag="650" ind1=" " ind2="0">
    <subfield code="a">Art, Latin American</subfield>
    <subfield code="y">20th century.</subfield>
    <subfield code="9">1416</subfield>
  </datafield>
  <datafield tag="700" ind1="1" ind2=" ">
    <subfield code="a">Lindsay, Arturo.</subfield>
    <subfield code="9">1580</subfield>
  </datafield>
  <datafield tag="900" ind1=" " ind2=" ">
    <subfield code="b">TOC</subfield>
  </datafield>
  <datafield tag="999" ind1=" " ind2=" ">
    <subfield code="c">334</subfield>
    <subfield code="d">334</subfield>
  </datafield>
  <datafield tag="952" ind1=" " ind2=" ">
    <subfield code="0">0</subfield>
    <subfield code="1">0</subfield>
    <subfield code="2">ddc</subfield>
    <subfield code="4">0</subfield>
    <subfield code="7">0</subfield>
    <subfield code="a">LV</subfield>
    <subfield code="b">LV</subfield>
    <subfield code="c">Pensamiento</subfield>
    <subfield code="d">2014-11-07</subfield>
    <subfield code="l">1</subfield>
    <subfield code="o">701.04 L748s</subfield>
    <subfield code="p">000308</subfield>
    <subfield code="r">2018-09-12 00:00:00</subfield>
    <subfield code="s">2018-07-18</subfield>
    <subfield code="w">2014-11-07</subfield>
    <subfield code="y">01</subfield>
  </datafield>
</record>
